000 01059nas a2200313 4500
001 BR2012003814
003 BR-BrBNA
005 20231205120627.0
007 ta
008 230509b bl.|||p| |||| 00| 00por d
040 _aBR-BrBNA
_bpor
_cBiblioteca Nacional de Agricultura
041 _a(Pt)
072 _aF06; F62
100 1 _aSant'ana, J.A. do V.
100 1 _aCoelho, E.F.
100 1 _aFaria, M.A. de
100 1 _aSilva, E.L. da
100 1 _aDonato, S.L.R.
245 1 _aDistribuição de raízes de bananeira 'prata-anã' no segundo ciclo de produção sob três sistemas de irrigação
246 1 _aRoot distribution od 'prata-anã' banana in the second production cycle under three irrigation systems
650 _aBANANA PRATA
650 _aIRRIGAÇÃO
650 _aRAIZ
650 _aCRESCIMENTO
650 _aSISTEMA RADICULAR
773 0 _tRevista Brasileira de Fruticultura (Brazil)
_xISSN 0100-2945
_g(Mar 2012), v. 34(1) p. 124-133
_wBR2012003814
909 _a202311
_bLúcia
_c55
_dLúcia Elande
942 _2AGRIS
_n0
_cANA
999 _c219449
_d219449